000 00704nam a2200241 a 4500
001 BRL_204
005 20190320210631.0
008 971110s1996 mx-a#####b---#000-0dspa-#
040 _aDLC
_cDLC
041 _aspa
044 _amx
050 4 _aF1391.M6
_b.A77 1996
100 1 _aArroyo Llano, Rodolfo
_d1908-
_923218
245 1 0 _aHistoria del barrio antiguo de Monterrey
_cautor, Rodolfo Arroyo Llano.
260 _aMéxico
_bImpresora del Norte
_c1996
300 _a159 p.
_bil.
_c28 cm.
500 _aIncluye dedicatoria para Ruth del autor, 1998
500 _aAu237
504 _aBibliografía: p. [161-162]
651 4 _aMonterrey
_xHistoria
_zMéxico
_923219
902 _aGRL
942 _2lcc
_cB
999 _c9017
_d9017